| 000 | 00900cab a2200265 4500 | ||
|---|---|---|---|
| 001 | ABS57848 | ||
| 008 | 090401t1997 xxu||||| |||| 00| 0 eng d | ||
| 035 | _a(Sirsi) u81585 | ||
| 041 | _aeng | ||
| 100 | _aEgdell, J.M. | ||
| 245 | _aSwitching to area payments for livestock: the implications for the environment and for farm incomes | ||
| 260 | _c1997 | ||
| 350 | _a0 | ||
| 490 |
_aFarm Management _v9(11) Autumn 1997, 581-590(10) |
||
| 520 | _aExplores the impact of switching from the current system of headage support for beef and sheep to an area payment. Considers the environmental case for livestock area payments and the impact on farm incomes. | ||
| 650 | _aAREA PAYMENTS | ||
| 650 | _aBEEF | ||
| 650 | _aENVIRONMENTAL IMPACT | ||
| 650 | _aFARM INCOMES | ||
| 650 | _aHEADAGE PAYMENTS | ||
| 650 | _aSHEEP | ||
| 690 | _aRURAL PRACTICE | ||
| 942 | _n0 | ||
| 948 | _c21/10/1997 | ||
| 999 |
_c51413 _d51413 |
||